header

Truth, politics, and universal human rights (Record no. 221300)

MARC details
000 -LEADER
fixed length control field 01228nam a2200313Ia 4500
100 1# - MAIN ENTRY--AUTHOR NAME
Personal name Madigan, Janet Holl.
245 10 - TITLE STATEMENT
Title Truth, politics, and universal human rights
250 ## - EDITION STATEMENT
Edition statement 1st ed.
260 ## - PUBLICATION, DISTRIBUTION, ETC. (IMPRINT)
Place of publication New York :
Name of publisher Palgrave Macmillan,
Year of publication 2007.
300 ## - PHYSICAL DESCRIPTION
Number of Pages xv, 240 p.
650 #0 - SUBJECT ADDED ENTRY--TOPICAL TERM
Topical Term Human rights
Topical Term Abortion
856 40 - ELECTRONIC LOCATION AND ACCESS
Uniform Resource Identifier http://site.ebrary.com/lib/rucke/Doc?id=10194143

No items available.

© 2026 Rongo University
Contact us: librarian | system librarian | Rongo university